Lámparas de fuego /
Guardado en:
| Hovedforfatter: | |
|---|---|
| Format: | Ukendt |
| Sprog: | Spanish |
| Udgivet: |
México :
Editorial Diana,
1972.
|
| Fag: | |
| Tags: |
Tilføj Tag
Ingen Tags, Vær først til at tagge denne postø!
|
MARC
| LEADER | 000000000a22000000004500 | ||
|---|---|---|---|
| 001 | 008803 | ||
| 041 | 0 | |a spa | |
| 082 | 0 | 4 | |a 208.22 |b M395L |
| 100 | 1 | |a Mascaró, Juan | |
| 245 | 1 | 0 | |a Lámparas de fuego / |c Juan Mascaró. |
| 260 | 1 | |a México : |b Editorial Diana, |c 1972. | |
| 300 | |a 166 páginas | ||
| 650 | 4 | |a LITERATURA RELIGIOSA | |
| 650 | 4 | |a ORACION | |
| 650 | 4 | |a LIBROS SAGRADOS | |
| 999 | |c 14303 |d 14303 | ||
| 942 | |c BK |h 208.22 M395L |2 z | ||
